000 00784nam a2200253Ia 4500
003 OSt
005 20220927103514.0
006 a|||||r|||| 00| 0
007 ta
008 220926b |||||||| |||| 00| 0 eng d
024 _a105637
037 _cReference Collections
040 _aRTL
_cRTL
_beng
041 _2eng
_aeng
082 _a"X9(KZ31:71).1.N6, K5"
100 _aBurton H
_9359110
245 0 _aMilk sterlization
260 _aRome
_bFood And Agriculture Organization
_c1965
300 _a"ix,265p."
_ccm.
490 _a"Food And Agriculture Organization, Agricultural Studies, 65"
650 _aAnimal Husbandry Industry
_9359111
942 _h"X9(KZ31:71).1.N6, K5"
_cCC
999 _c683690
_d683690